Democracy and efficiency in the economic entreprise

Αποθηκεύτηκε σε:
Λεπτομέρειες βιβλιογραφικής εγγραφής
Άλλοι συγγραφείς: Pagano, Ugo (Επιμελητής έκδοσης), Rowthorn, Bob (Επιμελητής έκδοσης)
Μορφή: Βιβλίο
Γλώσσα:English
Δημοσίευση: London : Routledge, 1996
Σειρά:Routledge studies in business organization and networks
Θέματα:
Ετικέτες: Προσθήκη ετικέτας
Δεν υπάρχουν, Καταχωρήστε ετικέτα πρώτοι!

MARC

LEADER 00000nam a2200000 i 4500
001 1/93297
008 991118s1996 eng d
020 |a 0-415-12586-3 
035 |l 10054361 
040 |a GR-MY-UA  |b    |e aacr 
041 0 |a eng 
082 0 |a 331.0112 
245 1 0 |a Democracy and efficiency in the economic entreprise /  |c edited by Ugo Pagano and Robert Rowthorn 
260 |a London :   |b Routledge,   |c 1996 
300 |a xiii, 337 σ. 
490 1 |a Routledge studies in business organization and networks 
500 |a A study prepared for the World Institute for Development Economics Research (WIDER) of the United Nations University 
504 |a Περιλαμβάνει βιβλιογραφικές παραπομπές και ευρετήριο 
650 0 0 |a Management  |x Employee participation. 
650 0 0 |a Competition. 
650 0 0 |a Industrial efficiency. 
650 0 0 |a Democracy. 
700 1 |a Pagano, Ugo.  |4 edt 
700 1 |a Rowthorn, Bob.  |4 edt 
830 0 |a Routledge studies in business organization and networks 
852 |a INST  |b CHIOS  |e 19991118  |h 331.0112 DEM  |p 005200019550  |q 005200019550  |t BK  |y 0 
852 |a INST  |b CHIOS  |e 20000111  |h 331.0112 DEM  |p 005200019649  |q 005200019649  |t BK  |y 0 
852 |a INST  |b CHIOS  |e 20000111  |h 331.0112 DEM  |p 005200019650  |q 005200019650  |t BK  |y 0 
901 |a BIBL2-1999-3 
909 |a Χ  |b 070049 
909 |a Χ  |b 073133 
909 |a Χ  |b 073132 
922 |a 2ΕΛΗ  |b 199910  |c ΤΔΕ  |d GLORYBOOK-ECONOMIST 
922 |a 2ΕΛΗ  |b 199912  |c ΤΔΕ  |d GLORYBOOK-ECONOMIST 
950 |a 112-1999-08-31 
970 |a ΣΠΕΝΤΖΑ  |b ΕΛΕΝΗ  |z 1999/11/19